Catálogo

Dificultades específicas de aprendizaje / (Registro nro. 67066)

Detalles MARC
000 -LEADER
fixed length control field 01008nam a2200289 u 4500
001 - CONTROL NUMBER
control field 67066
005 - DATE AND TIME OF LATEST TRANSACTION
control field 20210113122129.0
008 - FIXED-LENGTH DATA ELEMENTS--GENERAL INFORMATION
fixed length control field 170330s2015 sp d gr 000 0 spa d
020 ## - INTERNATIONAL STANDARD BOOK NUMBER
International Standard Book Number 9788490772010
040 ## - CATALOGING SOURCE
Description conventions rda
041 ## - LANGUAGE CODE
Language code of text/sound track or separate title spa
082 04 - DEWEY DECIMAL CLASSIFICATION NUMBER
Classification number 371.904
Item number DEF
100 1# - MAIN ENTRY--PERSONAL NAME
Personal name Defour Citoler, Sylvia,
Relator term Autora
245 10 - TITLE STATEMENT
Title Dificultades específicas de aprendizaje /
Statement of responsibility, etc. Silvia Defior Citoler, Francisca Serrano Chica, Nicolás Gutiérrez Palma.
250 ## - EDITION STATEMENT
Edition statement [Primera edición]
264 #1 - PRODUCTION, PUBLICATION, DISTRIBUTION, MANUFACTURE, AND COPYRIGHT NOTICE
Place of production, publication, distribution, manufacture Madrid :
Name of producer, publisher, distributor, manufacturer Editorial Síntesis,
Date of production, publication, distribution, manufacture, or copyright notice 2015
300 ## - PHYSICAL DESCRIPTION
Extent 249 páginas :
Other physical details diagramas, tablas ;
Dimensions 23 cm.
336 ## - CONTENT TYPE
Content type term texto
Source rdacontent
Content type code txt
337 ## - MEDIA TYPE
Media type term sin medio
Source rdamedia
Media type code n
338 ## - CARRIER TYPE
Carrier type term volumen
Source rdacarrier
Carrier type code nc
650 #4 - SUBJECT ADDED ENTRY--TOPICAL TERM
Topical term or geographic name entry element Educación especial
650 #4 - SUBJECT ADDED ENTRY--TOPICAL TERM
Topical term or geographic name entry element Psicología del aprendizaje
650 #4 - SUBJECT ADDED ENTRY--TOPICAL TERM
Topical term or geographic name entry element Niños con transtornos de aprendizaje
700 1# - ADDED ENTRY--PERSONAL NAME
Personal name Serrano Chica, Francisca,
Relator term Autora
9 (RLIN) 4018
700 1# - ADDED ENTRY--PERSONAL NAME
Personal name Gutiérrez Palma, Nicolás,
Relator term Autor
9 (RLIN) 4020
942 ## - ADDED ENTRY ELEMENTS (KOHA)
Classification part 371.904
Item part DEF
Koha item type Libro
Existencias
Withdrawn status Lost status Source of classification or shelving scheme Damaged status Not for loan Collection code Home library Current library Shelving location Date acquired Source of acquisition Inventory number Total Checkouts Total Renewals Full call number Barcode Date last seen Date last checked out Price effective from Koha item type
    Dewey Decimal Classification     General Biblioteca Karol Wojtyla Biblioteca Karol Wojtyla Sala general 05/04/2017 Compra 151000000000000000041117 1 1 371.904 DEF 2015 97306 05/01/2026 27/09/2018 05/04/2017 Libro
    Dewey Decimal Classification     General Biblioteca Karol Wojtyla Biblioteca Karol Wojtyla Sala general 30/03/2017 Compra 151000000000000000041116 3 2 371.904 DEF 2015 97305 05/01/2026 31/08/2024 05/04/2017 Libro